[Event "Bezirksliga Oberbayern 1819"]
[Site "Bayern"]
[Date "2019.02.03"]
[Round "6.6"]
[White "Yaroshenko, Yaroslav"]
[Black "Waller, Stefan"]
[Result "1-0"]
[WhiteElo "1834"]
[BlackElo "1834"]
[PlyCount "93"]
[EventDate "2018.10.21"]
[EventType "team-tourn"]
[EventRounds "9"]
[EventCountry "GER"]
[SourceTitle "EXT 2022"]
[Source "ChessBase"]
[SourceDate "2021.10.06"]
[SourceVersion "1"]
[SourceVersionDate "2021.10.06"]
[SourceQuality "1"]
[WhiteTeam "Graefelfing SK"]
[BlackTeam "Fuerstenfeldbruck TuS"]
[WhiteTeamCountry "GER"]
[BlackTeamCountry "GER"]

1. e4 e6 2. d4 d5 3. Nc3 Bb4 4. Nge2 Ne7 5. a3 Bxc3+ 6. Nxc3 Nbc6 7. e5 Ng6 8. Be3 f6 9. exf6 Qxf6 10. Bb5 Bd7 11. Qd2 h6 12. 0-0-0 a6 13. Bxc6 Bxc6 14. Rhe1 0-0-0 15. Na2 Qf7 16. Nb4 Bb5 17. b3 Nh4 18. f3 a5 19. Nd3 Bxd3 20. cxd3 b6 21. Kb2 Kb7 22. Rc1 Qd7 23. Bf4 c6 24. Bg3 Nf5 25. Be5 Rhf8 26. Qc3 Rc8 27. b4 axb4 28. Qxb4 Ra8 29. g4 Nh4 30. Bxg7 Rxf3 31. Bxh6 Rxd3 32. Rc3 Rf3 33. Rec1 Rf2+ 34. Ka1 Rc8 35. Rb3 Qc7 36. Rcb1 b5 37. Qc3 Ra8 38. Rxb5+ Kc8 39. Rb6 Rf3 40. Be3 Kd8 41. Rxc6 Qe7 42. Ka2 Ng2 43. Rd6+ Qxd6 44. Bg5+ Kd7 45. Rb7+ Ke8 46. Qxf3 Qf8 47. Re7+ 1-0

[Event "Oberbayern Bezirksliga 1617"]
[Site "Germany"]
[Date "2016.11.20"]
[Round "2.8"]
[White "Waller, Stefan"]
[Black "Doan, Duc Trung"]
[Result "0-1"]
[WhiteElo "1779"]
[BlackElo "1575"]
[PlyCount "72"]
[EventDate "2016.10.16"]
[EventType "team-tourn"]
[EventRounds "9"]
[EventCountry "GER"]
[SourceTitle "EXT 2019"]
[Source "ChessBase"]
[SourceDate "2018.10.10"]
[SourceVersion "1"]
[SourceVersionDate "2018.10.10"]
[SourceQuality "1"]
[WhiteTeam "Fuerstenfeldbruck"]
[BlackTeam "Ingolstadt"]
[WhiteTeamCountry "GER"]
[BlackTeamCountry "GER"]

1. e4 c5 2. Nf3 Nc6 3. d4 cxd4 4. Nxd4 e5 5. Nb5 d6 6. Bc4 a6 7. N5c3 Nf6 8. Bg5 Be6 9. Nd2 h6 10. Bxf6 Qxf6 11. 0-0 Be7 12. Nd5 Bxd5 13. exd5 Nd4 14. c3 Nb5 15. Bxb5+ axb5 16. Qb3 0-0 17. Qxb5 Qg5 18. Qe2 f5 19. a3 Rac8 20. Rae1 Bf6 21. Nf3 Qf4 22. Qe3 Qc4 23. Rd1 Rc5 24. Qd3 Qxd3 25. Rxd3 e4 26. b4 Rcc8 27. Re3 exf3 28. Rxf3 Be5 29. Rc1 Rc4 30. Kf1 Rfc8 31. Rxf5 Rxc3 32. Re1 Rxa3 33. f4 g6 34. fxe5 gxf5 35. exd6 Rd8 36. Re6 Ra6 0-1

[Event "Landesliga U20 Sued 1516"]
[Site "Bayern"]
[Date "2016.02.27"]
[Round "6.2"]
[White "Ortner, Fabian"]
[Black "Waller, Stefan"]
[Result "0-1"]
[WhiteElo "1212"]
[BlackElo "1763"]
[PlyCount "60"]
[EventDate "2015.11.21"]
[EventType "team-tourn"]
[EventRounds "7"]
[EventCountry "GER"]
[SourceTitle "EXT 2022"]
[Source "ChessBase"]
[SourceDate "2021.10.06"]
[SourceVersion "1"]
[SourceVersionDate "2021.10.06"]
[SourceQuality "1"]
[WhiteTeam "Ebersberg Grafing U20"]
[BlackTeam "Fuerstenfeldbruck TuS U20"]
[WhiteTeamCountry "GER"]
[BlackTeamCountry "GER"]

1. d4 c6 2. Nf3 d5 3. Bf4 Nd7 4. c3 Ngf6 5. h3 e6 6. Nbd2 Be7 7. Qc2 b6 8. e4 dxe4 9. Nxe4 Nxe4 10. Qxe4 Bb7 11. Qe3 Nf6 12. Qd2 0-0 13. Be2 Rc8 14. 0-0 c5 15. dxc5 Bxc5 16. Qxd8 Rfxd8 17. Rad1 Ne4 18. a3 Rxd1 19. Bxd1 Ba6 20. Bc2 Bxf1 21. Bxe4 Bb5 22. g4 Rd8 23. Kg2 f6 24. b4 Bd6 25. Be3 Rc8 26. Bd2 g5 27. Nd4 Bd7 28. Nf3 Bf4 29. Be1 Kg7 30. Kf1 Bc1 0-1